000 00500nam a22001577a 4500
003 OSt
005 20250701015753.0
008 250618b |||||||| |||| 00| 0 eng d
020 _a978-971-94047-5-0
040 _aDWCL - Main lib
_cOC
082 _aFil. 365.9 S884 2009
245 _aStories from prison/
260 _aMandaluyong City, Philippines:
_bRestoration Movement For Family and Life Ministries, Inc.,
_cc2009.
300 _a107pages:
_billustration;
_c21cm.
942 _2ddc
_cBK - FIL
_kFil.
_n0
999 _c3130
_d3130